Historia de los elementos químicos / (Record no. 134609)
[ view plain ]
| 000 -LEADER | |
|---|---|
| campo de control de longitud fija | 00710nam a2200193 i 4500 |
| 001 - NÚMERO DE CONTROL | |
| campo de control | 134609 |
| 003 - IDENTIFICADOR DE NÚMERO DE CONTROL | |
| campo de control | ES-MaACL |
| 005 - FECHA Y HORA DE LA ÚLTIMA TRANSACCIÓN | |
| campo de control | 20230906194717.0 |
| 007 - CAMPO FIJO DE DESCRIPCIÓN FÍSICA--INFORMACIÓN GENERAL | |
| campo de control de longitud fija | t| |
| 008 - DATOS DE LONGITUD FIJA--INFORMACIÓN GENERAL | |
| campo de control de longitud fija | 070912s1949 sp ||||1| spa d |
| 080 ## - NÚMERO DE LA CLASIFICACIÓN DECIMAL UNIVERSAL | |
| Número de la Clasificación Decimal Universal | 54(09) |
| 100 1# - ENTRADA PRINCIPAL--NOMBRE DE PERSONA | |
| Nombre de persona | Weeks, Mary Elvira. |
| 9 (RLIN) | 116296 |
| 245 10 - MENCIÓN DEL TÍTULO | |
| Título | Historia de los elementos químicos / |
| Mención de responsabilidad, etc. | por Mary Elvira Weeks... ; traducida por A. Sanromá Nicolau... ; prólogo del Dr. Emilio Jimeno. [Historia de los elementos artificiales por A. Sanromá Nicolau...]. |
| 260 ## - PUBLICACIÓN, DISTRIBUCIÓN, ETC. | |
| Lugar de publicación, distribución, etc. | Barcelona : |
| Nombre del editor, distribuidor, etc. | Manuel Marín, |
| Fecha de publicación, distribución, etc. | 1949. |
| 300 ## - DESCRIPCIÓN FÍSICA | |
| Extensión | 523 p. : |
| Otras características físicas | il. ; |
| Dimensiones | 25 cm. |
| 700 1# - ENTRADA AGREGADA--NOMBRE PERSONAL | |
| Nombre de persona | Sanromá Nicolau, A. |
| 9 (RLIN) | 103200 |
| 700 1# - ENTRADA AGREGADA--NOMBRE PERSONAL | |
| Nombre de persona | Jimeno Gil, Emilio. |
| 9 (RLIN) | 66649 |
| 852 ## - LOCALIZACIÓN | |
| Ubicación | ES-MaACL |
| Número de control de estantería | E-1537 |
| Sublocalización o colección | R.28704 |
| Estatus retirado | Estado de pérdida | Estado de daño | No para préstamo | Biblioteca de origen | Biblioteca actual | Ubicación en estantería | Fecha de adquisición | Fuente de adquisición | Total de préstamos | Signatura topográfica completa | Código de barras | Visto por última vez | Precio de reemplazo | Tipo de ítem Koha |
|---|---|---|---|---|---|---|---|---|---|---|---|---|---|---|
| Biblioteca del Ateneo de Madrid | Biblioteca del Ateneo de Madrid | Depósito 2 | 17/01/2008 | E-1537 | 1140112 | 23/02/2023 | 23/02/2023 | Libro impreso |
